[Event "46th GRE-chT Premier 2018"]
[Site "Rio Achaia"]
[Date "2018.07.13"]
[Round "5"]
[White "Georgitsi, Sofia"]
[Black "Aivazian, Elpida Sofia"]
[Result "1/2-1/2"]
[WhiteElo "1420"]
[BlackElo "1451"]
[Annotator "NA"]
[PlyCount "95"]
[EventDate "2018.07.10"]
[EventType "team-tourn"]
[EventCountry "GRE"]
[SourceTitle "playchess.com"]
[Source "ChessBase"]
[SourceQuality "1"]

1. e4 c5 2. Nf3 a6 3. d4 cxd4 4. Nxd4 Nf6 5. Nc3 e5 6. Nb3 Bb4 7. Bd3 Bxc3+ 8. bxc3 d6 9. O-O O-O 10. Bg5 h6 11. Bh4 Nbd7 12. Qd2 b6 13. f3 g5 14. Bf2 Nh5 15. Be3 Qf6 16. Rad1 Rd8 17. Kh1 Nc5 18. Nxc5 dxc5 19. Qf2 Bb7 20. Rfe1 Rd7 21. Be2 Rad8 22. Rxd7 Rxd7 23. Rd1 Rxd1+ 24. Bxd1 Qd6 25. Qd2 Qxd2 26. Bxd2 Nf4 27. Kg1 Kf8 28. Kf2 Ke7 29. Bxf4 gxf4 30. c4 a5 31. Be2 Bc6 32. Bd3 Kf6 33. Ke2 Ke6 34. Kd2 Kf6 35. Ke2 Kg5 36. Kf2 Bd7 37. Ke2 Bc8 38. Kd2 Be6 39. a3 Bd7 40. Ke2 Be6 41. Kd2 h5 42. Ke2 h4 43. h3 Kf6 44. Kd2 Ke7 45. Kc3 Kd6 46. Kd2 Kc7 47. Kc3 Bd7 48. Kb3 1/2-1/2

[Event "46th GRE-chT Premier 2018"]
[Site "Rio Achaia"]
[Date "2018.07.13"]
[Round "5"]
[White "Kartsidima, Aikaterini"]
[Black "Blitsas, Orestis"]
[Result "0-1"]
[WhiteElo "1402"]
[BlackElo "1584"]
[Annotator "NA"]
[PlyCount "82"]
[EventDate "2018.07.10"]
[EventType "team-tourn"]
[EventCountry "GRE"]
[SourceTitle "playchess.com"]
[Source "ChessBase"]
[SourceQuality "1"]

1. d4 d5 2. Nf3 Nf6 3. e3 e6 4. Bd3 c5 5. c3 b6 6. Nbd2 Bb7 7. O-O Nbd7 8. Re1 Ne4 9. c4 Be7 10. cxd5 exd5 11. Qc2 Nxd2 12. Qxd2 O-O 13. e4 cxd4 14. Nxd4 dxe4 15. Bxe4 Bxe4 16. Rxe4 Nf6 17. Re1 Bc5 18. Nb3 Qc7 19. Nxc5 Qxc5 20. b4 Qd5 21. Qxd5 Nxd5 22. Bd2 Rac8 23. Rac1 Rfd8 24. a3 f6 25. Kf1 Kf7 26. Rxc8 Rxc8 27. Rc1 Rxc1+ 28. Bxc1 Ke6 29. Ke2 a6 30. Kd3 Kd6 31. Kd4 Kc6 32. Bd2 Kd6 33. g3 Ke6 34. g4 Kd6 35. f3 Ke6 36. f4 Kd6 37. f5 Kc6 38. h4 Ne7 39. Bf4 Nd5 40. Bd2 Ne7 41. Bf4 Nd5 0-1

[Event "46th GRE-chT Premier 2018"]
[Site "Rio Achaia"]
[Date "2018.07.13"]
[Round "5"]
[White "Trapalis, Theodoros"]
[Black "Basinas, Konstantinos"]
[Result "1-0"]
[WhiteElo "1386"]
[BlackElo "1383"]
[Annotator "NA"]
[PlyCount "85"]
[EventDate "2018.07.10"]
[EventType "team-tourn"]
[EventCountry "GRE"]
[SourceTitle "playchess.com"]
[Source "ChessBase"]
[SourceQuality "1"]

1. d4 d5 2. c4 c6 3. Nf3 Nf6 4. e3 Bf5 5. Nc3 e6 6. Be2 Nbd7 7. O-O Be7 8. b3 O-O 9. Bb2 h6 10. Rc1 Rc8 11. h3 Re8 12. cxd5 cxd5 13. Ne5 Nxe5 14. dxe5 Ne4 15. Nxe4 Bxe4 16. Rxc8 Qxc8 17. Bd3 Bxd3 18. Qxd3 Qd7 19. e4 Rd8 20. exd5 Qxd5 21. Qxd5 Rxd5 22. Bc3 Rd3 23. Rc1 Bg5 24. Rc2 Rd1+ 25. Kh2 Rc1 26. Rxc1 Bxc1 27. Kg3 Kh7 28. Kf3 Bg5 29. Ke4 Bd8 30. Bd4 b6 31. a4 Kg6 32. Be3 Be7 33. g3 Bb4 34. g4 Kh7 35. Kd3 g5 36. Kc4 Be1 37. Kb5 Bc3 38. Ka6 Bxe5 39. Kxa7 f5 40. Kxb6 f4 41. Bc5 Bc3 42. a5 Bxa5+ 43. Kxa5 1-0

[Event "46th GRE-chT Premier 2018"]
[Site "Rio Achaia"]
[Date "2018.07.13"]
[Round "5"]
[White "Kafantaris, Pavlos"]
[Black "Goutoufas, Christos"]
[Result "1/2-1/2"]
[WhiteElo "1380"]
[BlackElo "1434"]
[Annotator "NA"]
[PlyCount "69"]
[EventDate "2018.07.10"]
[EventType "team-tourn"]
[EventCountry "GRE"]
[SourceTitle "playchess.com"]
[Source "ChessBase"]
[SourceQuality "1"]

1. Nf3 e6 2. c4 d5 3. g3 c6 4. Bg2 Nf6 5. O-O Be7 6. b3 O-O 7. Bb2 Nbd7 8. e3 b6 9. Nc3 Bb7 10. Re1 Qc7 11. cxd5 exd5 12. d4 Rfe8 13. Rc1 a6 14. Nh4 Qd8 15. Nf5 Bf8 16. e4 dxe4 17. Nxe4 Nxe4 18. Bxe4 g6 19. Nh4 Rc8 20. Qd2 Bg7 21. Rcd1 Nf6 22. Bg2 Qd7 23. Nf3 Ne4 24. Rxe4 Rxe4 25. Ne5 Bxe5 26. Bxe4 Bg7 27. Bg2 Rd8 28. Bc3 h5 29. h4 Kh7 30. Qd3 Kg8 31. Qd2 Kh7 32. Qd3 Kg8 33. Qd2 Kh7 34. Qd3 Kg8 35. Qd2 1/2-1/2

[Event "46th GRE-chT Premier 2018"]
[Site "Rio Achaia"]
[Date "2018.07.13"]
[Round "5"]
[White "Kazakos, Nikolaos"]
[Black "Stathatos, Alexandros"]
[Result "1-0"]
[WhiteElo "1375"]
[BlackElo "1311"]
[Annotator "NA"]
[PlyCount "49"]
[EventDate "2018.07.10"]
[EventType "team-tourn"]
[EventCountry "GRE"]
[SourceTitle "playchess.com"]
[Source "ChessBase"]
[SourceQuality "1"]

1. e4 c5 2. Nc3 Nc6 3. g3 g6 4. Bg2 Bg7 5. d3 Nf6 6. Be3 d6 7. h3 Qb6 8. Qc1 Bd7 9. Nge2 O-O 10. O-O a6 11. f4 Qd8 12. g4 Ne8 13. f5 Nc7 14. Bh6 f6 15. Bxg7 Kxg7 16. h4 Ne5 17. Qf4 b5 18. Nd1 Rb8 19. Ne3 Qe8 20. g5 Qf7 21. Ng3 Rbc8 22. Ng4 Nxg4 23. Qxg4 Be8 24. fxg6 hxg6 25. Qxc8 1-0

[Event "46th GRE-chT Premier 2018"]
[Site "Rio Achaia"]
[Date "2018.07.13"]
[Round "5"]
[White "Gkaripis, Marios Ilias"]
[Black "Magklaras, Panagiotis"]
[Result "0-1"]
[WhiteElo "1374"]
[BlackElo "1131"]
[Annotator "NA"]
[PlyCount "46"]
[EventDate "2018.07.10"]
[EventType "team-tourn"]
[EventCountry "GRE"]
[SourceTitle "playchess.com"]
[Source "ChessBase"]
[SourceQuality "1"]

1. d4 Nf6 2. c4 e6 3. Nc3 Bb4 4. e3 O-O 5. Nf3 b6 6. Bd3 Bb7 7. O-O d5 8. a3 Bxc3 9. bxc3 Ne4 10. Qc2 f5 11. cxd5 exd5 12. c4 c6 13. Rb1 Nd7 14. a4 c5 15. Ba3 Rc8 16. Qb3 dxc4 17. Bxc4+ Kh8 18. a5 Rf6 19. Rbd1 Rg6 20. dxc5 Nexc5 21. Bxc5 Bxf3 22. g3 Qh4 23. Be7 Qh3 0-1

[Event "46th GRE-chT Premier 2018"]
[Site "Rio Achaia"]
[Date "2018.07.13"]
[Round "5"]
[White "Liakos, Christos - Konstant"]
[Black "Berbatis, Antonios"]
[Result "0-1"]
[WhiteElo "1370"]
[BlackElo "1881"]
[Annotator "NA"]
[PlyCount "58"]
[EventDate "2018.07.10"]
[EventType "team-tourn"]
[EventCountry "GRE"]
[SourceTitle "playchess.com"]
[Source "ChessBase"]
[SourceQuality "1"]

1. e4 c5 2. Nc3 a6 3. a4 Nc6 4. g3 g6 5. Bg2 Bg7 6. Nge2 e6 7. O-O Nge7 8. d3 O-O 9. Bg5 d6 10. Qc1 Qc7 11. Bh6 f5 12. Bxg7 Kxg7 13. exf5 Nxf5 14. Nf4 Nfd4 15. Qd1 Bd7 16. Nce2 Nxe2+ 17. Nxe2 Rf6 18. d4 cxd4 19. Nxd4 Ne5 20. b3 Raf8 21. c4 Bc6 22. Bxc6 bxc6 23. f4 Qb6 24. Kg2 Nd7 25. Qd3 Nc5 26. Qc3 Qb7 27. Qf3 e5 28. Nxc6 e4 29. Na5 exf3+ 0-1

[Event "46th GRE-chT Premier 2018"]
[Site "Rio Achaia"]
[Date "2018.07.13"]
[Round "5"]
[White "Anthopoulou, Ioanna"]
[Black "Petraki, Argiro"]
[Result "0-1"]
[WhiteElo "1359"]
[BlackElo "1729"]
[Annotator "NA"]
[PlyCount "78"]
[EventDate "2018.07.10"]
[EventType "team-tourn"]
[EventCountry "GRE"]
[SourceTitle "playchess.com"]
[Source "ChessBase"]
[SourceQuality "1"]

1. e4 c5 2. Nc3 d6 3. f4 g6 4. Nf3 Bg7 5. Bc4 Nc6 6. O-O e6 7. Qe1 Nge7 8. d3 O-O 9. Bb3 Rb8 10. Qg3 b5 11. a3 a5 12. Ne2 Ba6 13. c3 b4 14. Bc2 f5 15. Ng5 Qd7 16. Ba4 h6 17. Nh3 fxe4 18. Nf2 d5 19. Qe3 exd3 20. Nxd3 Qd6 21. Re1 d4 22. Qf3 dxc3 23. Rd1 Nd4 24. Nxd4 cxd4 25. axb4 axb4 26. Bb3 Bb7 27. Qh3 Bd5 28. Bxd5 Nxd5 29. Re1 Ne3 30. Re2 Nf5 31. Qf3 Rfc8 32. Qg4 Kh7 33. Ra7 Rc7 34. Ra5 Ne3 35. Qh3 Rf8 36. Qf3 Re7 37. Qe4 e5 38. Qf3 e4 39. Qf2 exd3 0-1

[Event "46th GRE-chT Premier 2018"]
[Site "Rio Achaia"]
[Date "2018.07.13"]
[Round "5"]
[White "Patriki, Alexandra"]
[Black "Bania, Eleni"]
[Result "1-0"]
[WhiteElo "1355"]
[BlackElo "1349"]
[Annotator "NA"]
[PlyCount "55"]
[EventDate "2018.07.10"]
[EventType "team-tourn"]
[EventCountry "GRE"]
[SourceTitle "playchess.com"]
[Source "ChessBase"]
[SourceQuality "1"]

1. e4 e5 2. Nf3 Nc6 3. Bb5 a6 4. Ba4 Nf6 5. d3 b5 6. Bb3 Bc5 7. c3 O-O 8. O-O d6 9. Nbd2 Bb7 10. h3 Bb6 11. Re1 Ne7 12. Nf1 Ng6 13. Ng3 h6 14. Nh2 Re8 15. Ng4 Nxg4 16. hxg4 Qf6 17. Be3 Bxe3 18. Rxe3 Qd8 19. Qf3 Qd7 20. Nf5 Rad8 21. g5 hxg5 22. Qh5 Nf4 23. Qxg5 Ne6 24. Bxe6 fxe6 25. Nh6+ Kh7 26. Rh3 Ra8 27. Ng4+ Kg8 28. Nf6+ 1-0

[Event "46th GRE-chT Premier 2018"]
[Site "Rio Achaia"]
[Date "2018.07.13"]
[Round "5"]
[White "Pasoglou, Nikoleta"]
[Black "Karavitaki, Evaggelia"]
[Result "1/2-1/2"]
[WhiteElo "1354"]
[BlackElo "1723"]
[Annotator "NA"]
[PlyCount "142"]
[EventDate "2018.07.10"]
[EventType "team-tourn"]
[EventCountry "GRE"]
[SourceTitle "playchess.com"]
[Source "ChessBase"]
[SourceQuality "1"]

1. e4 c5 2. Nf3 e6 3. d4 cxd4 4. Nxd4 Qb6 5. Nc3 Bc5 6. Na4 Qa5+ 7. c3 Bxd4 8. Qxd4 Nf6 9. Nc5 O-O 10. Nb3 Qc7 11. Bd3 Nc6 12. Qe3 d5 13. O-O Ne5 14. exd5 Nxd3 15. Qxd3 Nxd5 16. Be3 b6 17. Nd4 a6 18. Rfe1 Bb7 19. Qe2 Nf4 20. Bxf4 Qxf4 21. Qe5 Qxe5 22. Rxe5 Rfd8 23. f3 b5 24. a3 g6 25. Rae1 Rd7 26. Kf2 Bd5 27. R5e3 Rad8 28. f4 Bc4 29. Re5 Bd5 30. R5e3 h5 31. Kg3 Kg7 32. Kf2 Rb7 33. R3e2 Rc7 34. Re3 Rc4 35. g3 Rb8 36. Rb1 Rc7 37. b4 Rbc8 38. Rc1 Kf6 39. Ne2 Bc4 40. Nd4 Rd7 41. Re4 Ke7 42. Ree1 Rdc7 43. Re3 Rg8 44. Kf3 Kf6 45. h4 Rd8 46. Ree1 Rd5 47. Kf2 Rd6 48. Kf3 Kg7 49. Kf2 Kf6 50. Kf3 Rd8 51. Kf2 Rdc8 52. Re3 Rd7 53. Ree1 Rd5 54. Kf3 Ke7 55. Kf2 Kd6 56. Kf3 Kc7 57. Kf2 Kb6 58. Kf3 Rd6 59. Ke4 Rd5 60. Kf3 Rd7 61. Ke4 Rdc7 62. Re3 Kb7 63. Kf3 Re8 64. Kf2 f6 65. Rce1 Rce7 66. Nf3 Bd5 67. Nd4 Kc7 68. f5 e5 69. fxg6 Kd8 70. Nf5 Kc8 71. Nd4 Rg7 1/2-1/2

[Event "46th GRE-chT Premier 2018"]
[Site "Rio Achaia"]
[Date "2018.07.13"]
[Round "5"]
[White "Ilia, Anastasia"]
[Black "Stellaki, Alexandra"]
[Result "1-0"]
[WhiteElo "1348"]
[BlackElo "1241"]
[Annotator "NA"]
[PlyCount "75"]
[EventDate "2018.07.10"]
[EventType "team-tourn"]
[EventCountry "GRE"]
[SourceTitle "playchess.com"]
[Source "ChessBase"]
[SourceQuality "1"]

1. e4 c6 2. c4 d5 3. exd5 cxd5 4. cxd5 Qxd5 5. Nc3 Qa5 6. Nf3 Nf6 7. Bb5+ Bd7 8. Bxd7+ Nbxd7 9. O-O e6 10. d4 Be7 11. Re1 Nd5 12. Bd2 N7f6 13. Nxd5 Qxd5 14. Re5 Qd8 15. Rc1 Rc8 16. Qa4+ Nd7 17. Rxc8 Qxc8 18. Re1 O-O 19. Rc1 Qd8 20. Qxa7 Qb6 21. Qxb6 Nxb6 22. Rc7 Bf6 23. Rxb7 Nc4 24. Bf4 Rd8 25. Bg5 e5 26. Bxf6 gxf6 27. Rb4 exd4 28. Rxc4 d3 29. Rc1 d2 30. Rd1 Rc8 31. Nxd2 Rc2 32. Nf3 Rxb2 33. Ra1 Rb8 34. a4 Kf8 35. a5 Ra8 36. a6 Ra7 37. Nd4 Ke8 38. Nb5 1-0

[Event "46th GRE-chT Premier 2018"]
[Site "Rio Achaia"]
[Date "2018.07.13"]
[Round "5"]
[White "Kaliontzaki, Argyro Evanthia"]
[Black "Batzoli, Maria"]
[Result "1-0"]
[WhiteElo "1346"]
[BlackElo "1312"]
[Annotator "NA"]
[PlyCount "61"]
[EventDate "2018.07.10"]
[EventType "team-tourn"]
[EventCountry "GRE"]
[SourceTitle "playchess.com"]
[Source "ChessBase"]
[SourceQuality "1"]

1. e4 c6 2. d4 d5 3. exd5 cxd5 4. Bd3 Nc6 5. c3 g6 6. h3 Nh6 7. Nf3 Bf5 8. Bxh6 Bxh6 9. Bxf5 gxf5 10. O-O e6 11. Nbd2 O-O 12. Re1 Qf6 13. Ne5 Bxd2 14. Qxd2 Nxe5 15. dxe5 Qh4 16. Qd4 Qxd4 17. cxd4 Rfc8 18. Rac1 Kf8 19. Kf1 Ke7 20. Ke2 Kd7 21. Kd2 Rc4 22. Rxc4 dxc4 23. Re3 Rg8 24. g3 Kc6 25. Ra3 a6 26. Ra5 b6 27. Rxa6 Kb7 28. Ra4 b5 29. Rb4 Kc6 30. a4 bxa4 31. Rxa4 1-0

[Event "46th GRE-chT Premier 2018"]
[Site "Rio Achaia"]
[Date "2018.07.13"]
[Round "5"]
[White "Tounta, Nefeli"]
[Black "Fragou, Maria V"]
[Result "1-0"]
[WhiteElo "1344"]
[BlackElo "1427"]
[Annotator "NA"]
[PlyCount "105"]
[EventDate "2018.07.10"]
[EventType "team-tourn"]
[EventCountry "GRE"]
[SourceTitle "playchess.com"]
[Source "ChessBase"]
[SourceQuality "1"]

1. d4 Nf6 2. c4 e6 3. Nc3 Bb4 4. Nf3 Bxc3+ 5. bxc3 b6 6. Ba3 d6 7. e3 c5 8. Bd3 Bb7 9. O-O Nbd7 10. Nd2 O-O 11. e4 Qc7 12. f4 e5 13. fxe5 dxe5 14. d5 Rfe8 15. Qf3 Nf8 16. Bc1 Bc8 17. Qg3 Ng6 18. Nf3 Nh5 19. Qf2 Nf6 20. Nh4 Rf8 21. Nf5 Bxf5 22. Qxf5 Qc8 23. Qf2 Nh5 24. a4 Nhf4 25. Bxf4 Nxf4 26. Be2 Qd8 27. Qf3 Qe7 28. Qg4 Ng6 29. Qf5 Nf4 30. Qg4 Rfd8 31. g3 Rd6 32. Kh1 Rg6 33. Qf3 Nxe2 34. Qxe2 Qd7 35. Qf3 Rf6 36. Qg2 Rh6 37. a5 Qb7 38. a6 Qd7 39. Rf5 f6 40. Qf3 Rg6 41. g4 Rf8 42. h3 Qd6 43. Rf1 Qd7 44. Rxe5 Qa4 45. Rf5 Qxa6 46. e5 Qc8 47. d6 Qe6 48. Qd5 Qxd5+ 49. cxd5 Kf7 50. e6+ Ke8 51. Re1 Rg8 52. Ra1 a5 53. Rb1 1-0

[Event "46th GRE-chT Premier 2018"]
[Site "Rio Achaia"]
[Date "2018.07.13"]
[Round "5"]
[White "Vlachos, Georgios"]
[Black "Violakis, Anastasios"]
[Result "1-0"]
[WhiteElo "1334"]
[BlackElo "1255"]
[Annotator "NA"]
[PlyCount "159"]
[EventDate "2018.07.10"]
[EventType "team-tourn"]
[EventCountry "GRE"]
[SourceTitle "playchess.com"]
[Source "ChessBase"]
[SourceQuality "1"]

1. e4 c5 2. c3 d6 3. d4 cxd4 4. cxd4 g6 5. h3 Bg7 6. Nf3 Nf6 7. Nc3 O-O 8. Be2 Nc6 9. O-O Bd7 10. Be3 Rc8 11. Qd2 Na5 12. b3 Nc6 13. Rac1 Qa5 14. Ne1 Nb4 15. f4 d5 16. exd5 Nfxd5 17. Nf3 Nxe3 18. Qxe3 Qd8 19. Bc4 a6 20. Ne5 e6 21. a3 Nc6 22. Ne4 Qe7 23. Kh1 Rcd8 24. b4 Be8 25. Rcd1 f6 26. Nxc6 Bxc6 27. Nc5 Bd5 28. Bxd5 Rxd5 29. Qxe6+ Qxe6 30. Nxe6 Rc8 31. Rfe1 Bh8 32. Nc5 b6 33. Nxa6 Kf7 34. a4 Rcd8 35. Rc1 Rxd4 36. Rc6 R4d6 37. Rec1 Ke7 38. Rc7+ R8d7 39. Nb8 Rxc7 40. Rxc7+ Ke6 41. Rxh7 Rd8 42. Nc6 Rc8 43. b5 Kd6 44. Rb7 Kc5 45. Ne7 Rd8 46. Nxg6 f5 47. Nxh8 Rxh8 48. Rc7+ Kb4 49. Rc6 Kxa4 50. Rxb6 Rh4 51. Rf6 Kxb5 52. Rxf5+ Kc6 53. Kh2 Kd6 54. Kg3 Rh7 55. Re5 Kd7 56. h4 Kd8 57. h5 Rg7+ 58. Rg5 Rh7 59. Kg4 Ke7 60. Rg6 Kf7 61. Kg5 Kf8 62. g4 Kf7 63. Rf6+ Kg7 64. Ra6 Kg8 65. Ra8+ Kg7 66. Ra7+ Kg8 67. Rxh7 Kxh7 68. f5 Kg7 69. f6+ Kf8 70. Kg6 Kg8 71. f7+ Kf8 72. h6 Ke7 73. Kg7 Kd6 74. f8=Q+ Kd5 75. Qe7 Kd4 76. h7 Kd5 77. h8=Q Kc4 78. Qd6 Kc3 79. Qc8+ Kb3 80. Qb6+ 1-0

[Event "46th GRE-chT Premier 2018"]
[Site "Rio Achaia"]
[Date "2018.07.13"]
[Round "5"]
[White "Chatzigavriil, Georgios"]
[Black "Tsavdaras, Dimitrios"]
[Result "1/2-1/2"]
[WhiteElo "1318"]
[BlackElo "1214"]
[Annotator "NA"]
[PlyCount "64"]
[EventDate "2018.07.10"]
[EventType "team-tourn"]
[EventCountry "GRE"]
[SourceTitle "playchess.com"]
[Source "ChessBase"]
[SourceQuality "1"]

1. c4 c5 2. Nc3 Nc6 3. g3 g6 4. Bg2 Bg7 5. d3 Nf6 6. e4 d6 7. Nge2 O-O 8. O-O Nd7 9. Rb1 Nd4 10. Be3 Nb8 11. Bxd4 Bxd4 12. Nxd4 cxd4 13. Ne2 Nc6 14. b4 e5 15. Kh1 Kh8 16. f4 f6 17. a4 Ne7 18. Qc2 Bd7 19. a5 a6 20. h3 f5 21. fxe5 dxe5 22. exf5 Nxf5 23. g4 Ne3 24. Rxf8+ Qxf8 25. Qd2 h5 26. gxh5 Bxh3 27. Bxh3 Qf3+ 28. Kh2 Qf2+ 29. Kh1 Qf3+ 30. Kh2 Qf2+ 31. Kh1 Qf3+ 32. Kh2 Qf2+ 1/2-1/2

[Event "46th GRE-chT Premier 2018"]
[Site "Rio Achaia"]
[Date "2018.07.13"]
[Round "5"]
[White "Papadopoulos, Spyridonas"]
[Black "Kollias, Dimitrios"]
[Result "0-1"]
[WhiteElo "1314"]
[BlackElo "1460"]
[Annotator "NA"]
[PlyCount "96"]
[EventDate "2018.07.10"]
[EventType "team-tourn"]
[EventCountry "GRE"]
[SourceTitle "playchess.com"]
[Source "ChessBase"]
[SourceQuality "1"]

1. e4 c6 2. d4 d5 3. Nc3 dxe4 4. Nxe4 Bf5 5. Ng3 Bg6 6. h4 h6 7. Nf3 Nf6 8. Ne5 Bh7 9. Bd3 Bxd3 10. Qxd3 e6 11. Bd2 Nbd7 12. Nxd7 Qxd7 13. O-O-O O-O-O 14. Qe2 Qc7 15. Ne4 Rxd4 16. Nxf6 gxf6 17. Bc3 Qf4+ 18. Qe3 Re4 19. Rd4 Qxe3+ 20. fxe3 Rxd4 21. Bxd4 e5 22. Bxa7 Kc7 23. a4 Rg8 24. a5 Rxg2 25. Bb6+ Kc8 26. Rf1 Be7 27. Rf5 Kd7 28. b3 Ke6 29. Rh5 Bf8 30. Kd1 f5 31. Bc7 f6 32. Bb6 Rf2 33. e4 Rf4 34. exf5+ Rxf5 35. Rxf5 Kxf5 36. c3 Be7 37. Ke2 Ke4 38. b4 f5 39. Bf2 h5 40. Bg3 f4 41. Bf2 Kd5 42. Be1 e4 43. Bf2 e3 44. Be1 Ke4 45. c4 f3+ 46. Kf1 f2 47. Bxf2 exf2 48. Kxf2 Bxb4 0-1

[Event "46th GRE-chT Premier 2018"]
[Site "Rio Achaia"]
[Date "2018.07.13"]
[Round "5"]
[White "Apostolidou, Eleni"]
[Black "Paroglou, Marianna"]
[Result "1/2-1/2"]
[WhiteElo "1290"]
[BlackElo "1241"]
[Annotator "NA"]
[PlyCount "84"]
[EventDate "2018.07.10"]
[EventType "team-tourn"]
[EventCountry "GRE"]
[SourceTitle "playchess.com"]
[Source "ChessBase"]
[SourceQuality "1"]

1. e4 e6 2. d4 d5 3. exd5 exd5 4. Bd3 Bd6 5. Nf3 Nf6 6. O-O O-O 7. Re1 c6 8. c3 Bg4 9. Nbd2 Nbd7 10. Nf1 Qc7 11. h3 Bh5 12. Be3 Rfe8 13. N1d2 Ne4 14. Qc2 Nef6 15. Ng5 Nf8 16. Ngf3 Bg6 17. Nh4 Bxd3 18. Qxd3 Ne6 19. Nf5 Bf8 20. Nf3 Ne4 21. Nd2 Nf4 22. Qc2 Ng6 23. Nxe4 Rxe4 24. Bd2 Rae8 25. Rxe4 Rxe4 26. Re1 Rxe1+ 27. Bxe1 Ne7 28. Nxe7+ Qxe7 29. Bd2 Qe2 30. Qc1 h6 31. Qe1 Qxe1+ 32. Bxe1 Bd6 33. Bd2 Kh7 34. Kf1 Kg6 35. Ke2 h5 36. Kf3 Bc7 37. Bc1 Kf6 38. Bd2 g6 39. Bc1 Bb8 40. Bd2 Bd6 41. Be3 Ke6 42. Bd2 Bc7 1/2-1/2

[Event "46th GRE-chT Premier 2018"]
[Site "Rio Achaia"]
[Date "2018.07.13"]
[Round "5"]
[White "Karavitaki, Antonia"]
[Black "Koutlas, Nikolaos"]
[Result "0-1"]
[WhiteElo "1285"]
[BlackElo "1856"]
[Annotator "NA"]
[PlyCount "84"]
[EventDate "2018.07.10"]
[EventType "team-tourn"]
[EventCountry "GRE"]
[SourceTitle "playchess.com"]
[Source "ChessBase"]
[SourceQuality "1"]

1. d4 Nf6 2. c4 e6 3. Nc3 Bb4 4. e3 O-O 5. Bd3 d5 6. Nf3 c5 7. O-O cxd4 8. exd4 dxc4 9. Bxc4 b6 10. Bg5 Ba6 11. Bxa6 Nxa6 12. Ne4 Be7 13. Ng3 h6 14. Be3 Nb4 15. a3 Nbd5 16. Qd2 Bd6 17. Ne5 Nxe3 18. Qxe3 Rc8 19. Rac1 Nd5 20. Qe2 Qg5 21. Rxc8 Rxc8 22. Ne4 Qe7 23. f4 Nf6 24. Ng3 Qc7 25. f5 exf5 26. Nxf5 Bxe5 27. dxe5 Re8 28. Re1 Qc8 29. Qf2 Ng4 30. Qf4 Qc5+ 31. Qd4 Rxe5 32. Rd1 Rxf5 33. Qxc5 Rxc5 34. h3 Ne5 35. b4 Rc8 36. Re1 f6 37. Rd1 Kf7 38. b5 Ke7 39. g4 Rc3 40. a4 Rxh3 41. Rc1 Kd7 42. Kg2 Rd3 0-1

[Event "46th GRE-chT Premier 2018"]
[Site "Rio Achaia"]
[Date "2018.07.13"]
[Round "5"]
[White "Pilalis, Ernestos"]
[Black "Mavridis, Athanasios"]
[Result "0-1"]
[WhiteElo "1278"]
[BlackElo "1304"]
[Annotator "NA"]
[PlyCount "58"]
[EventDate "2018.07.10"]
[EventType "team-tourn"]
[EventCountry "GRE"]
[SourceTitle "playchess.com"]
[Source "ChessBase"]
[SourceQuality "1"]

1. Nf3 Nf6 2. d4 e6 3. e3 c5 4. c4 d5 5. Be2 dxc4 6. Bxc4 cxd4 7. exd4 Nc6 8. O-O Be7 9. b3 O-O 10. Bb2 Qc7 11. Nbd2 Rd8 12. Rc1 Qb8 13. Qc2 a5 14. a3 Bd6 15. Rfe1 Ne7 16. Qd3 Ng6 17. Ne5 Bxe5 18. dxe5 Rxd3 19. Bxd3 Nd5 20. Bb5 Nge7 21. Rc2 Nc7 22. Bd3 Nc6 23. Rec1 Bd7 24. Nc4 Nd5 25. Nd6 Nf4 26. Bb5 Ng6 27. Nxb7 Qxb7 28. Bxc6 Bxc6 29. Rxc6 Rd8 0-1

[Event "46th GRE-chT Premier 2018"]
[Site "Rio Achaia"]
[Date "2018.07.13"]
[Round "5"]
[White "Ximinis, Ioannis"]
[Black "Spyratos, Nikolaos"]
[Result "1/2-1/2"]
[WhiteElo "1272"]
[BlackElo "1710"]
[Annotator "NA"]
[PlyCount "115"]
[EventDate "2018.07.10"]
[EventType "team-tourn"]
[EventCountry "GRE"]
[SourceTitle "playchess.com"]
[Source "ChessBase"]
[SourceQuality "1"]

1. d4 d5 2. Bf4 c5 3. c3 Nf6 4. e3 Qb6 5. Qc2 Nc6 6. Nf3 Bf5 7. dxc5 Bxc2 8. cxb6 axb6 9. Na3 Bg6 10. Nb5 Rc8 11. h3 e6 12. Be2 Be7 13. Nc7+ Kd7 14. Nb5 Ne4 15. O-O Nd6 16. Ne5+ Nxe5 17. Bxe5 f6 18. Nxd6 Bxd6 19. Bb5+ Ke7 20. Bxd6+ Kxd6 21. Rfd1 Ke7 22. Rac1 Be8 23. Be2 b5 24. Bf3 Ra8 25. a3 Bc6 26. Re1 Ra4 27. Bd1 Raa8 28. Bf3 Rhd8 29. Rcd1 Ra4 30. Rd2 Raa8 31. Bd1 Rac8 32. Rd4 Ra8 33. Bc2 e5 34. Rd2 g6 35. Bb3 Rd7 36. f4 e4 37. g4 Rf8 38. Kh2 Rfd8 39. Kg3 Rf8 40. Red1 Rfd8 41. h4 Rd6 42. Rh2 Be8 43. Rf1 Bf7 44. g5 f5 45. Bd1 h5 46. gxh6 Rh8 47. Rfh1 Rxh6 48. h5 Kf8 49. Be2 Be8 50. Kf2 Kg7 51. hxg6 Rxh2+ 52. Rxh2 Rxg6 53. Rg2 Rxg2+ 54. Kxg2 Kh6 55. Kg3 Kg6 56. Kg2 Kh6 57. Kg3 Kg6 58. Kg2 1/2-1/2

[Event "46th GRE-chT Premier 2018"]
[Site "Rio Achaia"]
[Date "2018.07.13"]
[Round "5"]
[White "Tzikas, Athanasios G"]
[Black "Gioutsos, Vasileios"]
[Result "0-1"]
[WhiteElo "1251"]
[BlackElo "1339"]
[Annotator "NA"]
[PlyCount "32"]
[EventDate "2018.07.10"]
[EventType "team-tourn"]
[EventCountry "GRE"]
[SourceTitle "playchess.com"]
[Source "ChessBase"]
[SourceQuality "1"]

1. e4 e5 2. Nf3 Nc6 3. Bb5 a6 4. Ba4 Nge7 5. O-O g6 6. c3 Bg7 7. d4 exd4 8. cxd4 b5 9. Bc2 O-O 10. Be3 d6 11. Nc3 Bg4 12. h3 Bxf3 13. gxf3 Kh8 14. Ne2 f5 15. Ng3 f4 16. d5 Ne5 0-1

[Event "46th GRE-chT Premier 2018"]
[Site "Rio Achaia"]
[Date "2018.07.13"]
[Round "5"]
[White "Nikolaidou, Maria"]
[Black "Stratigi, Evangelia"]
[Result "1/2-1/2"]
[WhiteElo "1239"]
[BlackElo "1688"]
[Annotator "NA"]
[PlyCount "94"]
[EventDate "2018.07.10"]
[EventType "team-tourn"]
[EventCountry "GRE"]
[SourceTitle "playchess.com"]
[Source "ChessBase"]
[SourceQuality "1"]

1. Nf3 Nf6 2. d3 d6 3. g3 e5 4. Bg2 Be7 5. O-O O-O 6. c4 Nc6 7. Nc3 Bg4 8. h3 Be6 9. Ng5 Qd7 10. Nxe6 fxe6 11. Bg5 h6 12. Be3 Kh8 13. Qd2 Kh7 14. d4 exd4 15. Bxd4 Nxd4 16. Qxd4 c6 17. Rad1 Qe8 18. Ne4 Nxe4 19. Qxe4+ Qg6 20. Qxg6+ Kxg6 21. Rd3 Rf6 22. Be4+ Kf7 23. Rf3 d5 24. cxd5 exd5 25. Rxf6+ Bxf6 26. Bd3 b6 27. b3 Re8 28. Rc1 c5 29. Kf1 Bd4 30. Kg2 Kf6 31. g4 g5 32. Kf1 Be5 33. e3 Bd6 34. Rd1 Be5 35. Be2 Rd8 36. Ke1 Bc3+ 37. Kf1 Ke5 38. Kg2 Rf8 39. Kg3 Ke4 40. Kg2 Rf7 41. Kg3 Rf6 42. Kg2 d4 43. Bd3+ Ke5 44. Kg3 Rf8 45. Kg2 Rd8 46. Kf3 Rf8+ 47. Kg3 a5 1/2-1/2